[Event "Bosnjaci op 20th"]
[Site "Bosnjaci"]
[Date "2015.01.06"]
[Round "5"]
[White "Vranjic, Marko"]
[Black "Burovic, Ismet"]
[Result "0-1"]
[WhiteElo "1885"]
[BlackElo "2398"]
[PlyCount "52"]
[EventDate "2015.01.03"]
[EventType "swiss"]
[EventRounds "9"]
[EventCountry "CRO"]
[SourceTitle "CBM 164 Extra"]
[Source "ChessBase"]
[SourceDate "2015.03.02"]
[SourceVersion "1"]
[SourceVersionDate "2015.03.02"]
[SourceQuality "1"]

1. e4 c6 2. d4 d5 3. Nc3 g6 4. Nf3 Bg7 5. Be2 Bg4 6. Be3 Nf6 7. e5 Nfd7 8. Nb1 c5 9. c3 Nc6 10. 0-0 e6 11. Na3 0-0 12. Nc2 cxd4 13. cxd4 f6 14. exf6 Nxf6 15. Bg5 Qd6 16. h3 Bf5 17. Rc1 h6 18. Be3 g5 19. Nh2 Ne4 20. Bf3 Rac8 21. Bxe4 Bxe4 22. Qh5 Ne7 23. Qe2 Nf5 24. Rfd1 Qb6 25. f3 Bxc2 26. Rxc2 Rxc2 0-1

[Event "Osijek-ch op"]
[Site "Osijek"]
[Date "2012.02.23"]
[Round "2"]
[White "Miletic, Josip"]
[Black "Vranjic, Marko"]
[Result "1-0"]
[WhiteElo "2267"]
[BlackElo "1845"]
[PlyCount "119"]
[EventDate "2012.02.23"]
[EventType "swiss"]
[EventRounds "7"]
[EventCountry "CRO"]
[SourceTitle "EXT 2013"]
[Source "ChessBase"]
[SourceDate "2012.11.22"]
[SourceVersion "1"]
[SourceVersionDate "2012.11.22"]
[SourceQuality "1"]

1. e4 c5 2. Nf3 d6 3. c3 Nf6 4. Be2 g6 5. 0-0 Bg7 6. Re1 0-0 7. Bf1 Nbd7 8. d4 cxd4 9. cxd4 e5 10. Nc3 a6 11. Bg5 Qb6 12. Na4 Qa5 13. Bd2 Qd8 14. Bb4 Ne8 15. dxe5 b5 16. Nc3 Nxe5 17. Nxe5 Bxe5 18. Bc5 Nf6 19. Bd4 Be6 20. g3 Rc8 21. f4 Bxd4+ 22. Qxd4 d5 23. e5 Ne4 24. Nxe4 dxe4 25. Qxe4 Qb6+ 26. Qe3 Qxe3+ 27. Rxe3 Rc2 28. Re2 Rc5 29. b4 Rc3 30. a4 Rd8 31. axb5 axb5 32. Rb2 Bc4 33. Bg2 Rd4 34. Rab1 Ra3 35. Kf2 h5 36. Re1 h4 37. Re3 hxg3+ 38. hxg3 Ra4 39. Bf3 Ba2 40. Re4 Rxe4 41. Bxe4 Bc4 42. Kf3 Ra3+ 43. Kg4 Be6+ 44. Kh4 Re3 45. Bc6 Bc4 46. g4 Kg7 47. Kg5 Rg3 48. Bd7 Rg1 49. Kh4 Rh1+ 50. Kg5 Rg1 51. Bc6 Bd3 52. Bd5 Bf5 53. Rg2 Rxg2 54. Bxg2 Bd3 55. Bd5 Bc2 56. f5 gxf5 57. gxf5 Bd3 58. f6+ Kf8 59. Bc6 Bc4 60. Kf4 1-0

[Event "Osijek-ch op"]
[Site "Osijek"]
[Date "2011.02.27"]
[Round "7"]
[White "Vranjic, Marko"]
[Black "Marjanovic, Marinko"]
[Result "1/2-1/2"]
[WhiteElo "1834"]
[BlackElo "1991"]
[PlyCount "95"]
[EventDate "2011.02.24"]
[EventType "swiss"]
[EventRounds "7"]
[EventCountry "CRO"]
[SourceTitle "EXT 2012"]
[Source "ChessBase"]
[SourceDate "2011.11.24"]
[SourceVersion "1"]
[SourceVersionDate "2011.11.24"]
[SourceQuality "1"]

1. e4 e6 2. d4 d5 3. Nc3 Nf6 4. Bg5 Be7 5. e5 Nfd7 6. Bxe7 Qxe7 7. f4 a6 8. Nf3 c5 9. Bd3 Nc6 10. dxc5 Nxc5 11. Qd2 b5 12. 0-0-0 Bb7 13. Kb1 Nd7 14. Qf2 Qc5 15. Qg3 g6 16. Ng5 Qe7 17. f5 0-0-0 18. f6 Qf8 19. Nxd5 exd5 20. e6 Nde5 21. e7 Nxe7 22. Qxe5 Nc6 23. Qf4 h6 24. Nf3 Qd6 25. Qg4+ Kb8 26. Qg3 Qxg3 27. hxg3 Rd6 28. g4 Rf8 29. g5 h5 30. Rde1 Bc8 31. Ne5 Nxe5 32. Rxe5 Kc7 33. Rhe1 Kc6 34. Re7 Rd7 35. g3 Kd6 36. Kc1 Rfd8 37. Re8 Rxe8 38. Rxe8 Rc7 39. Kd2 Be6 40. a3 Rc8 41. Re7 Rc7 42. Re8 Ke5 43. Ke3 d4+ 44. Kf3 Kd6 45. Kf4 Bf5 46. Rd8+ Ke6 47. Re8+ Kd5 48. Rd8+ 1/2-1/2

[Event "Osijek-ch op"]
[Site "Osijek"]
[Date "2011.02.26"]
[Round "6"]
[White "Svetinovic, Darjan"]
[Black "Vranjic, Marko"]
[Result "1/2-1/2"]
[WhiteElo "1917"]
[BlackElo "1834"]
[PlyCount "71"]
[EventDate "2011.02.24"]
[EventType "swiss"]
[EventRounds "7"]
[EventCountry "CRO"]
[SourceTitle "EXT 2012"]
[Source "ChessBase"]
[SourceDate "2011.11.24"]
[SourceVersion "1"]
[SourceVersionDate "2011.11.24"]
[SourceQuality "1"]

1. c4 c6 2. Nc3 d5 3. d4 Nf6 4. Bg5 dxc4 5. e3 b5 6. Bxf6 exf6 7. Nxb5 cxb5 8. Qf3 Bb4+ 9. Ke2 Nc6 10. Qxc6+ Bd7 11. Qe4+ Be7 12. Nf3 0-0 13. g3 b4 14. Bg2 c3 15. Rhb1 Bb5+ 16. Ke1 Rc8 17. Qc2 Qd7 18. Rc1 Ba4 19. b3 Bc6 20. Kf1 Qg4 21. Ne1 Bxg2+ 22. Kxg2 h5 23. Qd1 Qxd1 24. Rxd1 f5 25. Nc2 a5 26. Kf3 g6 27. Rdc1 Ra8 28. Ke2 a4 29. Kd3 Rfc8 30. Re1 Rc7 31. Reb1 Rca7 32. Rd1 h4 33. Rh1 Kg7 34. Kc4 Rc8+ 35. Kd3 Rca8 36. Kc4 1/2-1/2

[Event "Bosnjaci op 14th"]
[Site "Bosnjaci"]
[Date "2009.01.06"]
[Round "6"]
[White "Cencic, Josip"]
[Black "Vranjic, Marko"]
[Result "0-1"]
[WhiteElo "2019"]
[BlackElo "1858"]
[PlyCount "66"]
[EventDate "2009.01.03"]
[EventType "swiss"]
[EventRounds "9"]
[EventCountry "CRO"]
[SourceTitle "CBM 128 Extra"]
[Source "ChessBase"]
[SourceDate "2009.03.05"]
[SourceVersion "2"]
[SourceVersionDate "2009.03.25"]
[SourceQuality "1"]

1. e4 c5 2. Nf3 d6 3. d3 Nf6 4. Nc3 e5 5. Bg5 Be7 6. h3 Be6 7. Ne2 Nbd7 8. g4 d5 9. Ng3 h6 10. Bxf6 Bxf6 11. c3 Qb6 12. Qd2 0-0-0 13. Bg2 d4 14. 0-0 g6 15. Rfc1 Kb8 16. cxd4 exd4 17. a3 Qd6 18. Qe2 Ne5 19. Nf1 Nxf3+ 20. Bxf3 Bg5 21. Re1 h5 22. b4 hxg4 23. Bxg4 Qf4 24. bxc5 Rh4 25. Rab1 Bxg4 26. Rxb7+ Kxb7 27. Qb2+ Kc7 28. Rb1 Kd7 29. Qxd4+ Ke8 30. Qa4+ Kf8 31. hxg4 Rxg4+ 32. Ng3 Rxg3+ 33. fxg3 Qxg3+ 0-1

[Event "Bosnjaci op 14th"]
[Site "Bosnjaci"]
[Date "2009.01.03"]
[Round "1"]
[White "Vranjic, Marko"]
[Black "Dabo Peranic, Robert"]
[Result "0-1"]
[WhiteElo "1858"]
[BlackElo "2318"]
[PlyCount "106"]
[EventDate "2009.01.03"]
[EventType "swiss"]
[EventRounds "9"]
[EventCountry "CRO"]
[SourceTitle "CBM 128 Extra"]
[Source "ChessBase"]
[SourceDate "2009.03.05"]
[SourceVersion "2"]
[SourceVersionDate "2009.03.25"]
[SourceQuality "1"]

1. e4 e5 2. Nf3 Nc6 3. Bb5 a6 4. Ba4 Nf6 5. 0-0 Be7 6. Re1 b5 7. Bb3 d6 8. c3 0-0 9. h3 Na5 10. Bc2 c5 11. d4 cxd4 12. cxd4 Qc7 13. Nbd2 Nc6 14. Nb3 a5 15. Be3 a4 16. Nbd2 Bd7 17. Rc1 Rac8 18. Nf1 Qb8 19. Qe2 Rfe8 20. Ng3 Bd8 21. d5 Nb4 22. Bb1 g6 23. Nh2 Kg7 24. Qd2 Na6 25. Bh6+ Kh8 26. f4 Ng8 27. fxe5 dxe5 28. Be3 Bb6 29. Qf2 Bxe3 30. Qxe3 Qd6 31. Rxc8 Rxc8 32. Rf1 f6 33. Rc1 Rxc1+ 34. Qxc1 Qb6+ 35. Kh1 b4 36. Ng4 Bxg4 37. hxg4 Qc5 38. Qd2 Qd6 39. Bd3 Nc5 40. Bb5 Qb6 41. Be8 Kg7 42. d6 Nb7 43. d7 Nd8 44. Qd5 Ne7 45. Qc4 Qf2 46. Kh2 Nec6 47. Nf1 Qxb2 48. g5 fxg5 49. Qb5 Qf2 50. Qc4 Nd4 51. Ng3 g4 52. Qd3 Nf3+ 53. Kh1 Qg1# 0-1

[Event "Djakovo op-B"]
[Site "Djakovo"]
[Date "2006.05.04"]
[Round "7"]
[White "Ascic, Jozo"]
[Black "Vranjic, Marko"]
[Result "1-0"]
[WhiteElo "1973"]
[BlackElo "1815"]
[PlyCount "77"]
[EventDate "2006.04.30"]
[EventType "swiss"]
[EventRounds "9"]
[EventCountry "CRO"]
[SourceTitle "CBM 112 Extra"]
[Source "ChessBase"]
[SourceDate "2006.07.14"]
[SourceVersion "1"]
[SourceVersionDate "2006.07.14"]
[SourceQuality "1"]

1. Nf3 d5 2. d4 c6 3. Bg5 h6 4. Bh4 Qb6 5. b3 Nd7 6. e3 Ngf6 7. Nbd2 e6 8. Bd3 Be7 9. 0-0 0-0 10. c4 Re8 11. c5 Qd8 12. Qc2 Nf8 13. b4 N6h7 14. Bg3 f5 15. Ne5 Nd7 16. Ng6 Bf6 17. f4 Nhf8 18. Ne5 Bxe5 19. fxe5 Nh7 20. Nf3 Ndf8 21. a4 a5 22. b5 Bd7 23. b6 Ng6 24. Nd2 Ng5 25. Nb3 Ne4 26. Be1 Qg5 27. Qe2 f4 28. Bxe4 dxe4 29. exf4 Nxf4 30. Qxe4 Nd5 31. Bd2 Qh5 32. Nxa5 Rf8 33. Rxf8+ Rxf8 34. Nxb7 g5 35. Nd6 Nf4 36. Kh1 Ne2 37. Qd3 Qg4 38. Ne4 Rf5 39. Nf6+ 1-0

[Event "Omis op"]
[Site "Omis"]
[Date "2005.10.11"]
[Round "2"]
[White "Bradaric, Ratomir"]
[Black "Vranjic, Marko"]
[Result "1-0"]
[WhiteElo "2109"]
[BlackElo "1776"]
[PlyCount "57"]
[EventDate "2005.10.10"]
[EventType "swiss"]
[EventRounds "9"]
[EventCountry "CRO"]
[SourceTitle "CBM 108 Extra"]
[Source "ChessBase"]
[SourceDate "2005.11.04"]
[SourceVersion "1"]
[SourceVersionDate "2005.11.04"]
[SourceQuality "1"]

1. e4 c5 2. Bc4 e6 3. Nc3 Nc6 4. a3 a6 5. d3 g6 6. Nge2 Bg7 7. a4 Nge7 8. 0-0 0-0 9. Bg5 h6 10. Bh4 g5 11. Bg3 e5 12. f3 b6 13. Bf2 Bb7 14. Ng3 d5 15. Nxd5 Nxd5 16. Bxd5 Qc7 17. Bb3 Rad8 18. Qe2 Na5 19. Ba2 Bc6 20. Be1 Nb7 21. Bd2 Kh8 22. Bb3 Rd7 23. Bc3 Nd8 24. Nf5 f6 25. g3 Bb7 26. f4 Nc6 27. Qh5 exf4 28. Nxh6 Bxh6 29. Qxh6+ 1-0